Capitales españolas con mayor renta media por hogar - Estadísticas

Estadísticas generales
  • Esta prueba ha sido intentada 3.286 veces
    3.165 desde el último reinicio
  • La puntuación promedio es 11 de 16
Estadísticas de respuestas
Renta media / Hogar Ciudad % Correcto
43.991 € Barcelona
100%
46.651 € Madrid
100%
37.596 € Valencia
94%
40.886 € Bilbao
88%
37.213 € Zaragoza
78%
41.955 € Girona
72%
48.821 € Donostia / San Sebastián
71%
37.859 € A Coruña
70%
38.066 € Tarragona
69%
41.231 € Toledo
66%
41.852 € Palma de Mallorca
65%
41.184 € Pamplona / Iruña
61%
38.785 € Vitoria-Gasteiz
54%
36.832 € Burgos
51%
37.859 € Guadalajara
43%
37.478 € Teruel
43%
No se encontraron pruebas coincidentes
Distribución de puntuación
Porcentaje de gente con cada puntuación
Porcentaje por número respondido
Historial de tus puntuaciones
No has intentado esta prueba desde el último reinicio